LEGO Ninjago: Sky Pirates Minifigures by Picture - Statistics

General Stats
  • This quiz has been taken 15 times
  • The average score is 6 of 9
Answer Stats
Picture Answer % Correct
Clancee
92%
Doubloon
77%
Nadakhan
77%
Dogshank
69%
Flintlocke
69%
Bucko
62%
Cyren
54%
Monkey Wretch
54%
Sqiffy
54%
No matching quizzes found
Score Distribution
Percent of People with Each Score
Percentile by Number Answered
Your Score History
You have not taken this quiz